Where Did That Disney Movie Take Place? - Statistics

General Stats
  • This quiz has been taken 83 times
  • The average score is 28 of 37
Answer Stats
Movie Country % Correct
Mulan China
84%
Peter Pan United Kingdom
84%
101 Dalmatians United Kingdom
84%
Robin Hood United Kingdom
84%
Lilo And Stitch United States
84%
The Princess And The Frog United States
84%
Beauty And The Beast France
82%
The Hunchback Of Notre Dame France
82%
Snow White And The Seven Dwarfs Germany
82%
Hercules Greece
82%
Pocahontas United States
82%
Wreck It Ralph United States
82%
Cinderella France
79%
Pinocchio Italy
79%
The Three Caballeros Mexico/Brazil
79%
The Sword In The Stone United Kingdom
79%
Bolt United States
79%
Ralph Breaks The Internet United States
79%
Alice In Wonderland United Kingdom
78%
Lady And The Tramp United States
76%
The Fox And The Hound United States
76%
Oliver And Company United States
76%
Frozen Norway
75%
Frozen II Norway
75%
Dumbo United States
75%
Home On The Range United States
75%
The Rescuers Down Under Australia
73%
Brother Bear United States
73%
The Rescuers United States
72%
The Great Mouse Detective United Kingdom
70%
The Aristocats France
69%
The Jungle Book India
69%
Sleeping Beauty Germany
67%
The Adventures Of Ichabod And Mr. Toad United Kingdom
64%
The Little Mermaid Denmark
60%
The Emperor's New Groove Peru
58%
Encanto Colombia
57%
No matching quizzes found
Score Distribution
Percent of People with Each Score
Percentile by Number Answered
Your Score History
You have not taken this quiz